| 000 | 00535nam a2200205Ia 4500 | ||
|---|---|---|---|
| 003 | GCL | ||
| 008 | 140319s9999 xx 000 0 eng d | ||
| 040 |
_aGCL / _cGCL |
||
| 082 | 0 | 4 |
_a708.4 _bL M |
| 100 | 1 | _aLAFENESTRE, GEARGES | |
| 245 | 1 | 0 |
_aLE MUSEE NATIONAL DU LOUVRE LE PENTURE EN EUROPE / _cLAFENESTRE, GEARGES |
| 260 |
_a[S.N] : _bSOCIETE FRAM CAISE D'EDITIONS L'ART |
||
| 300 | _a412 P | ||
| 650 | 0 | 4 | _aMUSEUMS |
| 650 | 0 | 4 | _aPARIS |
| 650 | 0 | 4 | _aARTS |
| 650 | 0 | 4 | _aPAINTING |
| 650 | 0 | 4 | _aLOUVER MUSEUME |
| 942 |
_2ddc _cBK |
||
| 999 |
_c19570 _d19570 |
||